Was ist es? (Der Körper) - Statistiken

Allgemein
  • Dieses Quiz wurde 205 mal gespielt
  • Das Durchschnittsergebnis liegt bei 26 aus 42
Antwortstatistiken
Hint Antwort % Korrekt
der Arm arm
97%
das Auge eye
90%
der Finger finger
86%
das Bein leg
85%
das Ohr ear
82%
die Haare hair
82%
der Kopf head
82%
der Mund mouth
82%
die Nase nose
81%
das Herz heart
79%
der Bauch stomach
79%
das Gesicht face
78%
der Fuß foot
78%
der Rücken back
77%
das Knie knee
77%
die Lippe lip
75%
das Organ organ
71%
die Zähne teeth
69%
das Gehirn brain
68%
die Schulter shoulder
68%
die Haut skin
68%
die Lunge lung
66%
der Bart beard
64%
der Knochen bone
64%
der Muskel muscle
64%
der Hals neck
64%
der Fingernagel finger nail
63%
der Daumen thumb
55%
der Bizeps biceps
53%
die Hüfte hip
53%
das Kinn chin
51%
die Leber liver
51%
der Ellenbogen elbow
47%
der Zeh toe
45%
die Zunge tongue
41%
der Brustkorb chest
31%
die Stirn forehead
26%
das Handgelenk wrist
26%
der Knöchel ankle
23%
der Oberschenkel thigh
19%
die Ferse heel
9%
der Darm intestine
8%
Keine übereinstimmenden Quizze gefunden
Verteilung der Resultate
Anzahl Personen mit jedem Resultat
Perzentil nach korrekt beantworteten Fragen
Ihre Resultats-Entwicklung
Sie haben dieses Quiz noch nicht gespielt